000 00210nam a2200109Ia 4500
100 _aDRUCKER/PETER.
942 _cBK
245 _aTIME MANAGEMENT METHODS.
260 _b#N/A
546 _aENGLISH
999 _c28598
_d28598